Major Roads of Thunder Bay, ON - Statistics

General Stats
  • This quiz has been taken 6 times
  • The average score is 29 of 67
Answer Stats
Answer % Correct
Central Avenue
100%
John Street
100%
John Street Road
100%
May Street
100%
Oliver Road
100%
Trans-Canada Highway (Highway 11-17)
100%
Algoma Street
67%
Algonquin Avenue
67%
Balmoral Street
67%
Balsam Street
67%
City Road
67%
County Boulevard
67%
Court Street
67%
Edward Street
67%
Golf Links Road
67%
Harbour Expressway
67%
High Street
67%
Hodder Avenue
67%
Hudson Avenue
67%
Huron Avenue
67%
James Street
67%
Junot Avenue
67%
Memorial Avenue
67%
Red River Road
67%
River Street
67%
Shuniah Street
67%
Simpson Street
67%
Vickers Street
67%
Victoria Avenue
67%
Wardrope Avenue
67%
Water Street
67%
William Street
67%
Arthur Street
33%
Arundel Street
33%
Black Bay Road
33%
Cumberland Street
33%
Dawson Road (Highway 102)
33%
Ford Street
33%
Fort William Road
33%
Frederica Street
33%
Highway 61
33%
Kingsway
33%
Margaret Street
33%
Neebing Avenue
33%
Rosslyn Road
33%
Strathcona Avenue
33%
Syndicate Avenue
33%
Walsh Street
33%
Waterloo Street
33%
15th Side Road
0%
20th Side Road
0%
25th Side Road
0%
Broadway Ave
0%
Cameron Street
0%
Chippewa Road
0%
Dog Lake Road (Highway 589)
0%
East Avenue
0%
Gibson Street
0%
Hazelwood Drive
0%
Keith Street
0%
Lyon Boulevard
0%
Mapleward Road
0%
McIntyre Street
0%
Mountain Road
0%
Onion Lake Road
0%
Theresa Street
0%
Twin City Crossroad
0%
No matching quizzes found
Score Distribution
Percent of People with Each Score
Percentile by Number Answered
Your Score History
You have not taken this quiz